000 00780nam a2200205Ii 4500
003 JO-AjNU
008 230605s9999||||xx |||||||||||||| ||und||
040 _aJO-AjNU
_bara
_erda
_cJO-AjNU
041 _aara
050 1 4 _aBP189.L58 2012
100 3 _aللوه، عمر محمد سعيد,
_eauthor
_940850
245 0 0 _aالمضامين التربوية للفكر الصوفي في الإسلام
250 _aط1
264 3 1 _aدمشق: دار البشائر للطباعة وتالنشر والتوزيع، 2012
300 _a379ص
_bالمراجع ص 364-379
336 _atext
_btxt
_2rdacontent
337 _aunmediated
_bn
_2rdamedia
338 _avolume
_bnc
_2rdacarrier
650 4 _aالتصوف- التربية الاسلامية- التعليم- فلسفة
_940851
999 _aA17369
_c20937
_d20937